ბათუმის შოთა რუსთაველის სახელმწიფო უნივერსიტეტის ბიბლიოთეკა

შემინახე, დედაო მიწავ! (ბიბ.ჩანაწერი № 48665)

000 -LEADER
fixed length control field 00847nam a2200229Ia 4500
001 - CONTROL NUMBER
control field 15565
003 - CONTROL NUMBER IDENTIFIER
control field GE_BSU
008 - FIXED-LENGTH DATA ELEMENTS--GENERAL INFORMATION
fixed length control field 181216s||||||||xx |||||||||||||| ||und||
040 ## - CATALOGING SOURCE
Transcribing agency GE_BSU
080 ## - UNIVERSAL DECIMAL CLASSIFICATION NUMBER
Universal Decimal Classification number 821.353.1-1+ 821.353.1-32
100 ## - MAIN ENTRY--PERSONAL NAME
Personal name ჩოხელი, გ.(გოდერძი, 1954-2007)
245 ## - TITLE STATEMENT
Title შემინახე, დედაო მიწავ!
245 ## - TITLE STATEMENT
Remainder of title ლექსები, მინიატურები
245 ## - TITLE STATEMENT
Statement of responsibility, etc. რედ.: ნინო ახალკაცი. მხატვ. ჯ.ზენაშვილი
260 ## - PUBLICATION, DISTRIBUTION, ETC.
Place of publication, distribution, etc. თბილისი
260 ## - PUBLICATION, DISTRIBUTION, ETC.
Name of publisher, distributor, etc. მერანი
260 ## - PUBLICATION, DISTRIBUTION, ETC.
Date of publication, distribution, etc. 1991
300 ## - PHYSICAL DESCRIPTION
Extent 174 გვ.20 სმ
653 ## - INDEX TERM--UNCONTROLLED
Uncontrolled term ლექსები, მინიატურები
653 ## - INDEX TERM--UNCONTROLLED
Uncontrolled term შემინახე, დედაო მიწავ!
942 ## - ADDED ENTRY ELEMENTS (KOHA)
Koha item type წიგნი
ეგზემპლარები
Withdrawn status Lost status Damaged status Not for loan Date acquired Barcode Date last seen Price effective from Koha item type
        2018-12-17 38756 2018-12-17 2018-12-17 წიგნი